Internationalization of consultancy services

Internacionalizácia konzultačných služieb v podmienkach globalizácie. Faktory internacionalizácie a špecifiká konzultačných služieb. Internacionalizácia konzultačných služieb z hľadiska slovenských firiem.

Salvato in:
Dettagli Bibliografici
Autore principale: Daňo, Ferdinand, 1959-
Altri autori: Hanuláková, Eva, 1964-
Natura: Capitolo di libro
Lingua:inglese
Soggetti:
Tags: Aggiungi Tag
Nessun Tag, puoi essere il primo ad aggiungerne!!

MARC

LEADER 00000naa$a2200000$$$4500
001 0217361
005 20240502083544.7
041 0 |a eng 
044 |a CZ 
245 1 0 |a Internationalization of consultancy services  |c Ferdinand Daňo, Eva Hanuláková 
520 |a Internacionalizácia konzultačných služieb v podmienkach globalizácie. Faktory internacionalizácie a špecifiká konzultačných služieb. Internacionalizácia konzultačných služieb z hľadiska slovenských firiem. 
610 2 0 |a služby konzultačné 
610 2 0 |a internacionalizácia 
610 2 0 |a globalizácia 
100 1 |a Daňo, Ferdinand, 1959- 
700 1 |a Hanuláková, Eva, 1964-